Gaming Quiz

Random Gaming Quiz

Every single tekken characters Quiz Stats

 Plays Quiz not verified by Sporcle

Also try: Video Game Trios
Challenge
Share
Tweet
Embed
Score 0/57 Timer 20:00
0 Plays Today
CLUE CHARACTER % Correct
RobotJack
76.9%
Blonde Twin SisterNina
69.4%
Ninas Twin SisterAnna Williams
53.7%
Combat RobotCombot
51.9%
RobotJack 2
45.4%
RobotJack 5
43.5%
Kings CousinArmor King
39.8%
RobotJack 6
38%
ResslerKing
37%
SatanDevil
37%
Has a cat maskKunimitsu
34.3%
RobotJack 4
33.3%
Chubby ManBob
32.4%
Tetsujins brotherMokujin
31.5%
Robot Jack 3
31.5%
Boxing KangarooRoger
29.6%
Boxing T-RexAlex
28.7%
Xiayus GrandfatherWang
27.8%
OgreOgre
26.9%
Eddis WifeChristie
26.9%
Egyptian GoddessZafina
25.9%
RobotP-Jack
25.9%
Other OgreTrue Ogre
25%
Hippie Woman with 3 identitiesJulia
23.1%
Egyptian GodAzazel
23.1%
RobotYoshimitsu
21.3%
Irvine boyBruce
13%
ResslerCraig Marduk
12%
MJ RobotNancy
12%
CLUE CHARACTER % Correct
Capweara DancerEddi
12%
DinoGon
10.2%
Hates AsukaLing Xiayu
9.3%
Hwoarangs FatherBaek Doosan
9.3%
Christies BrotherTiger
7.4%
Has a dog friendUnknown
5.6%
Devil Jin
2.8%
Child of BaekHwoarang Doosan
1.9%
Sumo ResslerGanruy
1.9%
Chinese studentJin Kazamma
0.9%
Jins GirlfriendAsuka Kazamma
0.9%
Xiayus PetPanda or Kuma
0.9%
Mokujins brotherTetsuijin
0.9%
Hates YoshimitsuByron Fury
0%
Asukas MotherJun Kazamma
0%
Asukas FatherKazuya Kazamma
0%
Wangs Best friendJinpachi Kazamma
0%
Wangs BrotherHihachi
0%
Annas sonStevie Fox
0%
Robot Friend of XiayuAlisa Addams
0%
Father of AlisaGepppetto
0%
Celestial BeingAngel Kazamma
0%
German Girl/BoyLeo Kleenes
0%
Cousin of Nina and AnnaLili De La Rockforte
0%
Friend Of XiayuMiharu Hiranio
0%
BaddieCrow
0%
RobotTekken tag jack
0%
RobotTekken Tag tournament 2 jack
0%

You're not logged in!

Compare scores with friends on all Sporcle quizzes.
Join for Free
OR
Log In

You Might Also Like...

Show Comments

Extras

Created Jul 4, 2012ReportNominate
Tags:character, single, tekken

Top Quizzes Today


Score Distribution

Your Account Isn't Verified!

In order to create a playlist on Sporcle, you need to verify the email address you used during registration. Go to your Sporcle Settings to finish the process.

Report this User

Report this user for behavior that violates our Community Guidelines.

Details: